Statistics for Polish Ekstraklasa all time table (2017)

Click here to take the quiz!

General Stats

  • This quiz has been taken 212 times
  • The average score is 29 of 85

Answer Stats

Hint16Answer% Correct
5Lech Poznan
99%
1Legia Warszawa
99%
2Wisla Krakow
91%
17Lechia Gdansk
83%
4Gornik Zabrze
81%
3Ruch Chorzow
78%
8Pogon Szczecin
76%
9Slask Wroclaw
76%
28Arka Gdynia
75%
11Cracovia Krakow
75%
7Widzew Lodz
75%
21Jagiellonia Bialystok
73%
6LKS Lodz
72%
13Polonia Warszawa
72%
10Zaglebie Lubin
72%
30Wisla Plock
68%
31Piast Gliwice
67%
12GKS Katowice
65%
24Korona Kielce
65%
27Warta Poznan
63%
48Rakow Czestochowa
62%
14Zaglebie Sosnowiec
60%
37Gornik Leczna
58%
15Polonia Bytom
57%
29Zawisza Bydgoszcz
55%
16Stal Mielec
54%
41Podbeskidzie Bielsko-Biala
53%
25GKS Belchatow
51%
33Pogon Lwow
48%
55GKS Tychy
47%
22Odra Opole
45%
40Motor Lublin
43%
34Stomil Olsztyn
43%
36Hutnik Krakow
42%
23Amica Wronki
41%
32Garbarnia Krakow
38%
73Radomiak Radom
38%
20Odra Wodzislaw Slaski
37%
85Sandecja Nowy Sacz
36%
35Stal Rzeszow
35%
18Szombierki Bytom
35%
19Gwardia Warszawa
28%
26Dyskobolia Grodzisk Wielkopolski
27%
45Gornik Walbrzych
23%
52Stal Stalowa Wola
23%
51Ruch Radzionkow
21%
54Bruk-Bet Termalica Nieciecza
20%
47Czarni Lwow
20%
74Gornik Polkowice
18%
44ROW Rybnik
18%
78GKS Jastrzebie
17%
57KSZO Ostrowiec Swietokrzyski
17%
60Siarka Tarnobrzeg
16%
43Baltyk Gdynia
15%
69Szczakowianka Jaworzno
15%
39Olimpia Poznan
13%
58Sokol Pniewy
13%
50Polonia Bydgoszcz
12%
83Lechia Lwow
11%
70RKS Radomsko
10%
76Swit Nowy Dwor Mazowiecki
10%
67Igloopol Debica
9%
531. FC Katowice
8%
42AKS Chorzow
7%
56Klub Turystow Lodz
7%
81Smigly Wilno
7%
75Tarnovia Tarnow
7%
46Zaglebie Walbrzych
7%
65Hasmonea Lwow
6%
38Warszawianka Warszawa
6%
61Arkonia Szczecin
5%
49Gornik Radlin
5%
82Jutrzenka Krakow
5%
62Slask Swietochlowice
5%
64Unia Raciborz
4%
79Dab Katowice
3%
59Sokol Tychy
3%
77Rymer Niedobczyce
2%
63Lechia/Olimpia Gdansk
1%
80LTSG Lodz
1%
66OWKS Krakow
1%
72Podgorze Krakow
1%
71TKS Torun
1%
84Union-Touring Lodz
1%
68WKS 22 pp Siedlce
0%

Score Distribution

Percentile by Number Answered

Percent of People with Each Score

Your Score History

You have not taken this quiz